University Home | Library Home | Institutional Repository

The OAS and the promotion and protection of human rights. (Record no. 131322)

MARC details
000 -LEADER
fixed length control field 00477cam8a220018100 4500
001 - CONTROL NUMBER
control field tmp15761199
003 - CONTROL NUMBER IDENTIFIER
control field UPRA
005 - DATE AND TIME OF LATEST TRANSACTION
control field 20190822105541.0
008 - FIXED-LENGTH DATA ELEMENTS--GENERAL INFORMATION
fixed length control field 951023s1977 xx eng u
035 ## - SYSTEM CONTROL NUMBER
System control number (Sirsi) r44055
035 ## - SYSTEM CONTROL NUMBER
System control number (UPRA)tmp15761199
040 ## - CATALOGING SOURCE
Transcribing agency UPRA
100 1# - MAIN ENTRY--PERSONAL NAME
Personal name Leblanc, L. J.
Linkage A1671.1
245 14 - TITLE STATEMENT
Title The OAS and the promotion and protection of human rights.
260 ## - PUBLICATION, DISTRIBUTION, ETC.
Date of publication, distribution, etc. 1977.
949 ## - LOCAL PROCESSING INFORMATION (OCLC)
a KJ605
w lcc
i -54475
m MAIN
t BOOK
l ON-SHELF

No items available.

© 2026 - The University of Zambia Library - Koha v25.11